[Event "Veterans Bdr 2017"]
[Site "Aubagne"]
[Date "2017.05.11"]
[Round "7"]
[White "Roman, Sylvian"]
[Black "Derien, Robert"]
[Result "0-1"]
[WhiteElo "1361"]
[BlackElo "1605"]
[PlyCount "96"]
[EventDate "2017.??.??"]

1. e4 d5 2. exd5 Nf6 3. d4 Nxd5 4. c4 Nf6 5. Nc3 c6 6. Nf3 e6 7. Bd3 Be7 8. O-O
O-O 9. Bg5 Nbd7 10. Ne5 h6 11. Nxd7 Bxd7 12. Bxf6 Bxf6 13. Bc2 g6 14. Qd3 Bg7
15. Rad1 Qf6 16. Ne4 Qe7 17. Rfe1 b6 18. Nd2 Rad8 19. Nf3 Bc8 20. Qe3 Qc7 21.
Ne5 Rd6 22. Qg3 g5 23. Qd3 f5 24. Qe3 Rfd8 25. Qf3 Rxd4 26. Rxd4 Rxd4 27. Qxc6
Qd8 28. Qf3 Qd6 29. Qa8 Qc7 30. Qc6 Qxc6 31. Nxc6 Rxc4 32. Ne7+ Kf8 33. Nxc8
Rxc2 34. Nxa7 Rxb2 35. Nc8 Kf7 36. Rd1 Bf8 37. Kf1 Bc5 38. Nd6+ Kg6 39. Nc4
Rxf2+ 40. Ke1 Rxa2 41. Ne5+ Kh5 42. Rd3 g4 43. h3 Rxg2 44. hxg4+ fxg4 45. Nd7
Kg5 46. Ne5 Kf5 47. Nc4 h5 48. Rd8 h4 0-1

[Event "Veterans Bdr 2017"]
[Site "Aubagne"]
[Date "2017.05.11"]
[Round "7"]
[White "Graells, Christian"]
[Black "Hidreau, Olivier"]
[Result "*"]
[WhiteElo "1584"]
[BlackElo "1396"]
[PlyCount "61"]
[EventDate "2017.??.??"]

1. e4 e6 2. d4 d5 3. e5 c5 4. c3 b6 5. Nf3 Ba6 6. Bxa6 Nxa6 7. Qa4+ Qd7 8. Qxa6
c4 9. b4 b5 10. Ng5 h6 11. Nh3 g5 12. Nd2 g4 13. Nf4 h5 14. O-O Ne7 15. Nb1 Rb8
16. Qa3 Nf5 17. Qb2 Bg7 18. Re1 Qe7 19. Nd2 Kd7 20. Nf1 h4 21. Qe2 Rbg8 22.
Qxg4 Bxe5 23. Nxd5 Bxh2+ 24. Nxh2 Qd6 25. Nf6+ Kc6 26. Nxg8 Qf8 27. Qe4+ Kb6
28. Nf6 Qd6 29. Bf4 Qd8 30. d5 Qxf6 31. Be5 *

[Event "Veterans Bdr 2017"]
[Site "Aubagne"]
[Date "2017.06.01"]
[Round "7"]
[White "Lupinacci, Patrick"]
[Black "Souesme, Gerard"]
[Result "0-1"]
[WhiteElo "1460"]
[BlackElo "1361"]
[PlyCount "60"]

1. Nf3 Nf6 2. c4 d6 3. d4 Nbd7 4. e3 e5 5. Nc3 Be7 6. Be2 O-O 7. O-O h6 8. Qc2
Ne8 9. Rd1 exd4 10. exd4 c6 11. Bd3 Ndf6 12. h3 Be6 13. Be2 d5 14. cxd5 Nxd5
15. Nxd5 Bxd5 16. Ne5 Nf6 17. Bf3 Bd6 18. Bxd5 Nxd5 19. Nf3 Qc7 20. g3 Rae8 21.
Bd2 Bxg3 22. Re1 Bd6 23. Rxe8 Rxe8 24. Re1 Rxe1+ 25. Bxe1 Qd7 26. Qe4 Qxh3 27.
Qe8+ Bf8 28. Ne5 Qe6 29. Qa8 f6 30. Nc4 Qxe1+ 0-1

[Event "Veterans Bdr 2017"]
[Site "Aubagne"]
[Date "2017.05.11"]
[Round "7"]
[White "Lassalle, Marc"]
[Black "Masson, Wally"]
[Result "1-0"]
[WhiteElo "1404"]
[BlackElo "1199"]
[PlyCount "67"]
[EventDate "2017.??.??"]

1. d4 d5 2. Bf4 Nc6 3. e3 e6 4. Nd2 Nf6 5. Ngf3 Be7 6. c3 O-O 7. Bd3 a6 8. Qc2
Bd6 9. Ne5 Bxe5 10. dxe5 Ne4 11. Nxe4 dxe4 12. Bxe4 f5 13. exf6 g6 14. Bg5 Qe8
15. h4 Ne5 16. h5 c6 17. f4 Nd7 18. hxg6 Nxf6 19. Bh6 Nxe4 20. gxh7+ Kxh7 21.
Bxf8+ Kg8 22. Qxe4 Qxf8 23. Qe5 Qg7 24. O-O-O Qxe5 25. Rd8+ Kg7 26. fxe5 b5 27.
Rhh8 Kg6 28. Rxc8 Rxc8 29. Rxc8 Kf5 30. Rxc6 Kxe5 31. Rxa6 Kf5 32. Rb6 e5 33.
Rxb5 Ke4 34. a4 1-0

[Event "Veterans Bdr 2017"]
[Site "Aubagne"]
[Date "2017.06.01"]
[Round "7"]
[White "Ulloa, Philippe"]
[Black "Turpin, Isabelle"]
[Result "1-0"]
[WhiteElo "1321"]
[BlackElo "1152"]
[PlyCount "57"]

1. d4 Nf6 2. c4 e6 3. a3 d5 4. Nc3 Be7 5. Qc2 dxc4 6. Nf3 h6 7. e4 Nc6 8. Be3
Bd6 9. e5 Be7 10. exf6 Bxf6 11. Bxc4 e5 12. d5 Ne7 13. Rd1 O-O 14. Ba2 Bf5 15.
Qb3 Qb8 16. O-O e4 17. Nd4 Bg4 18. Rd2 Bg5 19. Nxe4 f5 20. Nxg5 hxg5 21. Bxg5
Kf7 22. d6+ Kg6 23. Bxe7 Rh8 24. Ne6 c6 25. Nc7 Rxh2 26. Qf7+ Kh7 27. Kxh2 Qg8
28. Nxa8 Qxf7 29. Bxf7 1-0

[Event "Veterans Bdr 2017"]
[Site "Aubagne"]
[Date "2017.06.01"]
[Round "7"]
[White "Vicari-Vento, Salvatore"]
[Black "Moerenhout, Jean Claude"]
[Result "1/2-1/2"]
[WhiteElo "1441"]
[BlackElo "1264"]
[PlyCount "178"]

1. e4 d5 2. exd5 Qxd5 3. Nc3 Qa5 4. d4 c6 5. Nf3 Bg4 6. Be2 Bxf3 7. Bxf3 Nf6 8.
Bd2 Qb6 9. Bc1 e6 10. O-O Be7 11. b3 O-O 12. a3 h6 13. Ne4 Nbd7 14. Re1 Qc7 15.
g3 Rad8 16. Qe2 Nxe4 17. Qxe4 Nf6 18. Qe3 Nh7 19. Bb2 Ng5 20. Bg2 Bf6 21. c3
Qb6 22. b4 a5 23. h4 Nh7 24. Qe2 Ra8 25. Qc2 Rfd8 26. Be4 Nf8 27. Red1 Qb5 28.
c4 Qh5 29. Bc3 Qg4 30. Kf1 axb4 31. axb4 Rxa1 32. Rxa1 Bxd4 33. Rd1 e5 34. Kg2
Re8 35. Bf3 Qe6 36. Bxd4 exd4 37. Rxd4 Ng6 38. Re4 Ne5 39. b5 Qf5 40. Qc3 Re6
41. bxc6 bxc6 42. Rf4 Qb1 43. Rd4 Qb8 44. Be4 Qb6 45. Qd2 Re8 46. c5 Qc7 47. f4
Ng4 48. Rd7 Qb8 49. Bxc6 Nf6 50. Rb7 Qc8 51. Bxe8 Qxb7+ 52. Kh3 Nxe8 53. Qd8
Kf8 54. Qd4 Qc8+ 55. Kg2 Nc7 56. c6 Ke8 57. Qxg7 Ne6 58. Qh8+ Nf8 59. Qxh6 Qc7
60. Qf6 Ne6 61. Qc3 Qa7 62. Kh3 Qc7 63. f5 Nd8 64. Qh8+ Ke7 65. f6+ Ke6 66.
Qe8+ Kf5 67. g4+ Kxf6 68. Qh8+ Ke7 69. Qc3 Nxc6 70. Qc5+ Qd6 71. Qe3+ Kd7 72.
h5 Ne5 73. Qa7+ Ke6 74. Qa2+ Qd5 75. Qa6+ Nc6 76. Qe2+ Ne5 77. h6 Qd8 78. Qe4
Qf6 79. h7 Qh6+ 80. Kg3 Qg7 81. Qf5+ Ke7 82. g5 Ng6 83. Qe4+ Kd6 84. Qd3+ Ke6
85. Qa6+ Kf5 86. Qc8+ Kxg5 87. Qg8 Qc3+ 88. Kf2 Kh6 89. Qxf7 Qg7 1/2-1/2

[Event "Veterans Bdr 2017"]
[Site "Aubagne"]
[Date "2017.06.01"]
[Round "7"]
[White "Rouaud, Robert"]
[Black "Lognos, Lina"]
[Result "1-0"]
[WhiteElo "1378"]
[BlackElo "1064"]
[PlyCount "29"]

1. e4 d6 2. Bc4 e6 3. d4 g6 4. Nf3 Bg7 5. c3 a6 6. Bf4 b5 7. Bb3 Bb7 8. Nbd2
Ne7 9. O-O O-O 10. Re1 Nd7 11. Rb1 a5 12. e5 dxe5 13. Nxe5 f6 14. Nxd7 Qxd7 15.
Bxe6+ 1-0

[Event "Veterans Bdr 2017"]
[Site "Aubagne"]
[Date "2017.05.11"]
[Round "7"]
[White "Porte, Jacques"]
[Black "Pietrac, Christian"]
[Result "1/2-1/2"]
[WhiteElo "1338"]
[BlackElo "1265"]
[PlyCount "98"]
[EventDate "2017.??.??"]

1. Nf3 Nf6 2. d4 g6 3. e3 Bg7 4. Bd3 d6 5. Nc3 c6 6. O-O O-O 7. b3 Nbd7 8. Bb2
e5 9. dxe5 Nxe5 10. Nxe5 dxe5 11. e4 Be6 12. Ne2 Nd7 13. Ng3 Qg5 14. Bc1 Qe7
15. Be3 Nc5 16. Be2 f5 17. exf5 Bxf5 18. Nxf5 Rxf5 19. Bg4 Rff8 20. Qe2 b5 21.
Rad1 Rfd8 22. c4 b4 23. Qc2 a5 24. f3 e4 25. fxe4 Nxe4 26. Bf3 Nc3 27. Rxd8+
Rxd8 28. Qf2 Ne4 29. Bxe4 Qxe4 30. Bb6 Bd4 31. Bxd4 Qxd4 32. g3 c5 33. Kg2 Qe4+
34. Qf3 Qxf3+ 35. Rxf3 Rd2+ 36. Rf2 Rxf2+ 37. Kxf2 Kf7 38. Ke3 Ke6 39. Ke4 h6
40. h4 h5 41. Kf4 Kf6 42. g4 hxg4 43. Kxg4 Ke7 44. h5 gxh5+ 45. Kxh5 Kf6 46.
Kg4 Ke5 47. Kg5 Ke6 48. Kf4 Kf6 49. Ke4 Ke6 1/2-1/2

[Event "Veterans Bdr 2017"]
[Site "Aubagne"]
[Date "2017.05.11"]
[Round "7"]
[White "Catanese, Sauveur"]
[Black "Kauder, Wilfried"]
[Result "1/2-1/2"]
[WhiteElo "1130"]
[BlackElo "1195"]
[PlyCount "102"]
[EventDate "2017.??.??"]

1. d4 Nf6 2. c4 e6 3. Nc3 Nc6 4. e4 d6 5. Nf3 h6 6. Be2 Be7 7. O-O O-O 8. h3 d5
9. e5 Ne4 10. Nxe4 dxe4 11. Nh2 Nxd4 12. Be3 c5 13. b4 Nxe2+ 14. Qxe2 cxb4 15.
Bd2 Qd3 16. Qxd3 exd3 17. f4 Bc5+ 18. Kh1 f5 19. Nf3 Rd8 20. Ne1 a5 21. Rf3 Rd4
22. Nxd3 Rxc4 23. Nxc5 Rxc5 24. Rff1 b6 25. Be3 Ba6 26. Rfc1 Rxc1+ 27. Rxc1 Rc8
28. Rxc8+ Bxc8 29. Bxb6 a4 30. Bd4 Kf7 31. Kg1 Ke8 32. Kf1 Bb7 33. g3 Bd5 34.
Bc5 b3 35. axb3 axb3 36. Bd4 Kd7 37. Ke1 Kc6 38. Kd2 Kb5 39. Kc1 Kc4 40. Bb2
Kd3 41. Kd1 Bf3+ 42. Ke1 Kc2 43. Ba3 b2 44. Bxb2 Kxb2 45. Kf2 Be4 46. Ke3 Kc3
47. g4 g6 48. Kf2 Kd3 49. Kg3 Ke3 50. Kh4 Kxf4 51. gxf5 Bxf5 1/2-1/2

[Event "Veterans Bdr 2017"]
[Site "Aubagne"]
[Date "2017.06.01"]
[Round "7"]
[White "Betry, Bernard"]
[Black "Boudet, Nicole"]
[Result "1-0"]
[WhiteElo "1399"]
[BlackElo "1130"]
[PlyCount "49"]

1. Nf3 d5 2. g3 Nf6 3. d4 Bg4 4. Bg2 h6 5. Bf4 Na6 6. Nbd2 e6 7. Ne5 Be7 8. O-O
O-O 9. Re1 b6 10. c3 Qe8 11. a4 c5 12. Qc2 cxd4 13. e4 Rc8 14. Nb1 Rc5 15. Qb3
dxc3 16. bxc3 Qc8 17. Be3 Ra5 18. exd5 Nxd5 19. Nxg4 Nxe3 20. Rxe3 Rd8 21. Na3
Nc5 22. Qc4 h5 23. Ne5 Bg5 24. f4 Bf6 25. Nc6 1-0